skbl

Dr Suryya Kumar Bhuyan Library Web-OPAC
ডঃ সূৰ্য্য
কুমাৰ ভূঞা পুথিভঁৰাল ৱেব-অ'পেক

All Research Scholars are advised to clear the annual library fees to continue using Library Resources, Remote Access, Plagiarism Test and Library Clearance.

Cotton University Book Fair 2026

Quantum Mechanics:non-relattivistic Theory / (Record no. 45478)

MARC details
000 -LEADER
fixed length control field 00739nam a2200265Ia 4500
001 - CONTROL NUMBER
control field 45513
005 - DATE AND TIME OF LATEST TRANSACTION
control field 20240114003715.0
007 - PHYSICAL DESCRIPTION FIXED FIELD--GENERAL INFORMATION
fixed length control field ta
008 - FIXED-LENGTH DATA ELEMENTS--GENERAL INFORMATION
fixed length control field 090317s1998 a g b000 u 465 u
020 ## - INTERNATIONAL STANDARD BOOK NUMBER
International Standard Book Number 0080291406
040 ## - CATALOGING SOURCE
Original cataloging agency Cotton college
041 ## - LANGUAGE CODE
Language code of text/sound track or separate title 465
082 ## - DEWEY DECIMAL CLASSIFICATION NUMBER
Classification number 530.12
Item number La22Qu
100 ## - MAIN ENTRY--PERSONAL NAME
Personal name Landau, LD .
245 #0 - TITLE STATEMENT
Title Quantum Mechanics:non-relattivistic Theory /
Statement of responsibility, etc. LD Landau, EM Lifshitz.
Medium Textual Documents
246 ## - VARYING FORM OF TITLE
Title proper/short title Course of Theoritical physics.
250 ## - EDITION STATEMENT
Edition statement 3rd rev /
260 ## - PUBLICATION, DISTRIBUTION, ETC.
Name of publisher, distributor, etc. Butterworth ,
Date of publication, distribution, etc. 1998.
300 ## - PHYSICAL DESCRIPTION
Extent xv,677p. :
Other physical details ill. ;
Dimensions 26cm .
504 ## - BIBLIOGRAPHY, ETC. NOTE
Bibliography, etc. note includes bibliographical references and index
653 ## - INDEX TERM--UNCONTROLLED
Uncontrolled term Quantum Theory
942 ## - ADDED ENTRY ELEMENTS (KOHA)
Source of classification or shelving scheme Dewey Decimal Classification
Koha item type Books
Holdings
Withdrawn status Lost status Damaged status Not for loan Collection Home library Current library Date acquired Coded location qualifier Total checkouts Full call number Barcode Date last seen Copy number Price effective from Koha item type
          Dr. Suryya Kumar Bhuyan Library Dr. Suryya Kumar Bhuyan Library 01/02/2012 00000   530.12 La22Qu 641/phy/ 14/01/2024 1 01/02/2012 Books

Designed and Maintained by Team SKBL
©1901-2026

Powered by Koha